[Event "Oslo Sveins op 7th"]
[Site "Oslo"]
[Date "2014.06.20"]
[Round "5"]
[White "Beddari, Steinar"]
[Black "Jacobsen, Mikkel Manosri"]
[Result "0-1"]
[WhiteElo "1882"]
[BlackElo "2059"]
[PlyCount "78"]
[EventDate "2014.06.20"]
[EventType "swiss"]
[EventRounds "9"]
[EventCountry "NOR"]
[SourceTitle "EXT 2015"]
[Source "ChessBase"]
[SourceDate "2014.11.20"]
[SourceVersion "1"]
[SourceVersionDate "2014.11.20"]
[SourceQuality "1"]

1. e4 c6 2. Nc3 d5 3. Nf3 Bg4 4. exd5 cxd5 5. h3 Bxf3 6. Qxf3 Nf6 7. d4 Nc6 8. Bb5 a6 9. Bxc6+ bxc6 10. 0-0 Qb6 11. Ne2 e6 12. Qb3 Qa7 13. Bf4 Be7 14. Rad1 0-0 15. c3 c5 16. Qc2 Rac8 17. Qd3 Qb6 18. Rb1 a5 19. dxc5 Bxc5 20. Nd4 Rfe8 21. Nb3 a4 22. Nxc5 Qxc5 23. Be3 Qc4 24. Rfd1 Qxa2 25. Ra1 Qxb2 26. Bd4 Qb3 27. Qg3 Kh8 28. Rdb1 Qc2 29. Rb7 Qg6 30. Qxg6 hxg6 31. Bxf6 gxf6 32. Rxf7 Kg8 33. Rxf6 Kg7 34. Rf3 Rc4 35. Rb1 Ra8 36. Rb7+ Kh6 37. Rff7 a3 38. g3 a2 39. Ra7 a1Q+ 0-1

[Event "Oslo Sveins op 7th"]
[Site "Oslo"]
[Date "2014.06.20"]
[Round "1"]
[White "Beddari, Steinar"]
[Black "Sahl, Bjarke"]
[Result "0-1"]
[WhiteElo "1882"]
[BlackElo "2352"]
[PlyCount "80"]
[EventDate "2014.06.20"]
[EventType "swiss"]
[EventRounds "9"]
[EventCountry "NOR"]
[SourceTitle "EXT 2015"]
[Source "ChessBase"]
[SourceDate "2014.11.20"]
[SourceVersion "1"]
[SourceVersionDate "2014.11.20"]
[SourceQuality "1"]

1. e4 c5 2. Nf3 d6 3. d4 cxd4 4. Nxd4 Nf6 5. Nc3 a6 6. f3 e5 7. Nb3 Be6 8. Bg5 Nbd7 9. Qd2 h6 10. Bh4 Nxe4 11. Nxe4 Qxh4+ 12. g3 Qe7 13. 0-0-0 d5 14. Nc3 Nf6 15. Bg2 Qc7 16. f4 Bb4 17. fxe5 Qxe5 18. Rhe1 Qd6 19. Bxd5 Bxc3 20. bxc3 Nxd5 21. Qxd5 Qa3+ 22. Kb1 0-0 23. Qc5 Qxc5 24. Nxc5 Bh3 25. Re7 Rfc8 26. Ne4 Re8 27. Rxe8+ Rxe8 28. Nf2 Bf5 29. Rd2 Re6 30. Nd3 Rb6+ 31. Kc1 g5 32. Rf2 Be6 33. a3 Rb5 34. h4 Kg7 35. Re2 Kf6 36. Kd2 Kf5 37. Nf2 Ra5 38. Re4 Rxa3 39. Rd4 Ra1 40. h5 Rg1 0-1

[Event "Oslo Elo op"]
[Site "Oslo"]
[Date "2012.09.30"]
[Round "3"]
[White "Suntharalingam, Jarani"]
[Black "Beddari, Steinar"]
[Result "0-1"]
[WhiteElo "1683"]
[BlackElo "1895"]
[PlyCount "92"]
[EventDate "2012.09.30"]
[EventType "swiss"]
[EventRounds "9"]
[EventCountry "NOR"]
[SourceTitle "EXT 2013"]
[Source "ChessBase"]
[SourceDate "2012.11.22"]
[SourceVersion "1"]
[SourceVersionDate "2012.11.22"]
[SourceQuality "1"]

1. e4 c5 2. Nf3 Nc6 3. d4 cxd4 4. Nxd4 Nf6 5. Nc3 d6 6. Ndb5 g6 7. Bd3 a6 8. Na3 b5 9. Nd5 Bg7 10. c3 Nxd5 11. exd5 Ne5 12. Be2 0-0 13. 0-0 Bb7 14. Be3 Qa5 15. Nc2 Rfc8 16. a4 bxa4 17. Nb4 Qd8 18. Rxa4 a5 19. Nc2 Nd7 20. Rg4 Nb6 21. Bf3 Ba6 22. Re1 Nc4 23. Qc1 Rab8 24. Be2 Nxe3 25. Nxe3 Bxe2 26. Rxe2 Rb3 27. Qd1 Rcb8 28. Qc1 Bxc3 29. Nd1 Be5 30. h3 Qb6 31. Rc4 Kg7 32. Rcc2 Qb5 33. Qd2 Rd3 34. Qc1 Qxd5 35. Re1 a4 36. Rce2 Qb5 37. Rc2 Rb3 38. Ree2 Qb4 39. Red2 Bf4 40. Ne3 Rxe3 41. fxe3 Bxe3+ 42. Kf1 Rb5 43. Qd1 Rf5+ 44. Ke2 Qe4 45. Qc1 Ba7+ 46. Kd1 Rf1# 0-1

[Event "Oslo op ELO"]
[Site "Oslo"]
[Date "2011.10.02"]
[Round "6"]
[White "Beddari, Steinar"]
[Black "Kjolberg, Jens Hjorth"]
[Result "0-1"]
[WhiteElo "2400"]
[BlackElo "2023"]
[PlyCount "128"]
[EventDate "2011.10.02"]
[EventType "swiss"]
[EventRounds "9"]
[EventCountry "NOR"]
[SourceTitle "EXT 2023"]
[Source "ChessBase"]
[SourceDate "2022.10.05"]
[SourceVersion "1"]
[SourceVersionDate "2022.10.05"]
[SourceQuality "1"]

1. e4 c5 2. Nf3 d6 3. Bb5+ Bd7 4. Bxd7+ Qxd7 5. c4 Nf6 6. Nc3 Nc6 7. d4 cxd4 8. Nxd4 g6 9. f3 Bg7 10. Be3 0-0 11. 0-0 Rfd8 12. Qd2 Rac8 13. b3 e6 14. Rac1 d5 15. Nxc6 bxc6 16. cxd5 cxd5 17. e5 Ne8 18. f4 Bf8 19. Ne2 Qb7 20. Nd4 Bb4 21. Qe2 Bc3 22. Nb5 d4 23. Nxc3 dxc3 24. Rc2 Qe4 25. Rfc1 Rd3 26. Bxa7 Qxe2 27. Rxe2 Rd2 28. Kf1 Ra8 29. Be3 Rd3 30. Bb6 Ra6 31. Re3 Rd2 32. Bc5 Raxa2 33. Rexc3 Rxg2 34. Bg1 Rg4 35. Rf3 Rag2 36. Rg3 R4xg3 37. hxg3 Rxg3 38. Rc8 Rxb3 39. Rxe8+ Kg7 40. Bc5 Kh6 41. Re7 Kg7 42. Ke2 Rc3 43. Rc7 Rb3 44. Rc8 Kh6 45. Bf8+ Kh5 46. Rc7 Kg4 47. Rxf7 h5 48. Bh6 h4 49. Rg7 h3 50. Rxg6+ Kh5 51. Rxe6 h2 52. Bg5 Rh3 53. Rh6+ Kg4 54. Rxh3 Kxh3 55. Ke3 h1Q 56. Kd4 Qc6 57. Ke3 Qc4 58. Bf6 Kg4 59. Bg5 Kf5 60. Kf3 Qd3+ 61. Kf2 Kg4 62. e6 Qd2+ 63. Kg1 Kf3 64. Kh1 Qg2# 0-1

[Event "Oslo op ELO"]
[Site "Oslo"]
[Date "2011.10.02"]
[Round "2"]
[White "Kvisla, Johannes Luangtep"]
[Black "Beddari, Steinar"]
[Result "1-0"]
[WhiteElo "2156"]
[BlackElo "2400"]
[PlyCount "51"]
[EventDate "2011.10.02"]
[EventType "swiss"]
[EventRounds "9"]
[EventCountry "NOR"]
[SourceTitle "EXT 2023"]
[Source "ChessBase"]
[SourceDate "2022.10.05"]
[SourceVersion "1"]
[SourceVersionDate "2022.10.05"]
[SourceQuality "1"]

1. d4 d5 2. Nf3 Nf6 3. g3 c6 4. Bg2 Bf5 5. c4 Bxb1 6. Rxb1 Qa5+ 7. Bd2 Qxa2 8. c5 b5 9. 0-0 Nbd7 10. Bf4 Qa6 11. Ne5 g6 12. Nxd7 Nxd7 13. e4 dxe4 14. d5 Bg7 15. Bxe4 Nxc5 16. Bg2 Rd8 17. Qc2 Na4 18. dxc6 0-0 19. Rfe1 Rd4 20. Rxe7 Rc4 21. Qe2 Nb6 22. Re8 Nc8 23. Rxf8+ Bxf8 24. Qe8 Ne7 25. Re1 Nf5 26. Bd5 1-0